Sótanos y duendes de Mantua y las aguas de Madrid /
Guardado en:
| Autor Principal: | |
|---|---|
| Formato: | Libro |
| Idioma: | Spanish |
| Publicado: |
Madrid :
Nacional,
1982.
|
| Series: | Biblioteca de visionarios, heterodoxos y marginados 2a. serie, 19
|
| Materias: | |
| Etiquetas: |
Agregar Etiqueta
Sin Etiquetas, Sea el primero en etiquetar este registro!
|
| LEADER | 00746nam a22002535a 4500 | ||
|---|---|---|---|
| 001 | EUN.um066708 | ||
| 003 | AR-BaUNS | ||
| 005 | 20050623122931.0 | ||
| 008 | 041125s1982####sp############000#0#spa#d | ||
| 245 | 1 | 0 | |a Sótanos y duendes de Mantua y las aguas de Madrid / |c Manuel Montero Vallejo. |
| 260 | |a Madrid : |b Nacional, |c 1982. | ||
| 300 | |a 523 p. | ||
| 490 | 0 | |a Biblioteca de visionarios, heterodoxos y marginados 2a. serie, 19 | |
| 020 | |a 8427605773 | ||
| 100 | 1 | |a Montero Vallejo, Manuel. | |
| 082 | 0 | 4 | |a 946 |
| 082 | 0 | 4 | |a 864.6 |
| 653 | |a Literatura espaÑola | ||
| 653 | |a Historia | ||
| 653 | |a EspaÑa | ||
| 653 | |a Agua | ||
| 653 | |a Literatura popular | ||
| 653 | |a Folklore | ||
| 859 | |a Ar-BaUNS |b BIB. CENTRAL - Sector B |h 946 |i M764 |p 109098/998 | ||
